000 00298nam a22001337a 4500
008 181023b xxu||||| |||| 00| 0 eng d
020 _a0867092750
041 _aeng
080 _a371
100 _a46
101 _aEDU
245 _aPortfolios Process and Product
_cBelanoff,P
942 _2udc
_cBK
999 _c50707
_d50707